000 00338pab a2200145 454500
008 180718b1983 xxu||||| |||| 00| 0 eng d
100 _aSingh, N.K.
245 _aChanging profile of Indian Managers
260 _c1983
300 _a7-13
362 _aNov.
650 _aExecutives - India
773 _aIndian Management
909 _a7907
999 _c7907
_d7907